000 00846cam a2200193 4500
001 ##L132915
008 060322n2006 000 0 eng u
035 _a(Sirsi) u132915
041 0 _aeng
050 0 4 _a333.337 $2 18
110 2 _aOffice of the Deputy Prime Minister
_94685
245 0 0 _aCommercial and industrial floorspace statistics 1974-85
260 _aLondon
_bODPM
_c2006
520 _aShows how floorspace statistics have been developed since 1974. Included are comparisons of the estimated commercial and industrial floorspace statistics from 1974-85 with recent data.
590 _aIKA280306
690 _aPROPERTY-COMMERCIAL PROPERTY-COMMERCIAL PROPERTY TAXATION
856 _uhttps://www.communities.gov.uk/documents/planningandbuilding/pdf/143897.pdf
_zview the item free of charge at www.communities.gov.uk
942 _n0
999 _c105280
_d105280